000 01308cam a22003495i 4500
001 14475490
003 EG-ScBUE
005 20260318101600.0
008 060728s2007 nyua f b 001 0 eng d
020 _a0415390885 (alk. paper)
020 _a9780415390880 (alk. paper)
040 _aEG-ScBUE
_beng
_erda
_cEG-ScBUE
_dEG-ScBUE
082 0 4 _a579
_bMIC
_222
245 0 0 _aMicrobiology /
_cS. Baker, School of Biological and Molecular Sciences, Oxford Brookes University, Oxford, UK, [and three others]
250 _aThird edition.
264 1 _aNew York, NY :
_bTaylor & Francis Group,
_c2007.
300 _aviii, 427 pages :
_billustrations ;
_c25 cm.
336 _2rdacontent
_atext
_btxt
337 _aunmediated
_2rdamedia
_bn
338 _avolume
_bnc
_2rdacarrier
490 0 _aBIOS instant notes
500 _aRev. ed. of: Microbiology / J. Nicklin, K. Graeme-Cook and R. Killington. 2nd ed. 2002.
504 _aIncludes bibliographical references and index.
650 7 _aMedical microbiology
_vOutlines, syllabi, etc.
_2BUEsh
_927322
653 _bPPhrm
_cMarch2016
655 _vReading book
700 1 _aBaker, Simon,
_d1966-
_eauthor.
700 1 _aNicklin, J.
_q(Jane),
_eauthor.
700 1 _aKhan, Naveed Ahmed,
_eauthor.
700 1 _aKillington, R. A.,
_eauthor.
942 _2ddc
_cBB
999 _c21495
_d21467